| 000 | 00753nam a2200265 4500 | ||
|---|---|---|---|
| 001 | 1796097 | ||
| 003 | SISC | ||
| 005 | 20160404142312.0 | ||
| 008 | 710407s1971 njua b 001 0 eng | ||
| 010 | _a 78145959 | ||
| 020 | _a0130857203 | ||
| 040 |
_aDLC _cDLC _dDLC |
||
| 050 | 0 | 0 |
_aHG 4028.B8 _b.W45 1988 |
| 082 | 0 | 0 |
_aHS 658.1 _bW46 1988 |
| 100 | 1 |
_aWelsch, Glenn A. _914230 |
|
| 245 | 1 | 0 |
_aBudgeting : _c[by] Glenn A. Welsch. _bprofit planning and control / |
| 250 | _a5th ed. | ||
| 260 |
_aEnglewood Cliffs, N.J. : _bPrentice-Hall, _cc1988. |
||
| 300 |
_a661 p. : _bill. ; _c24 cm. |
||
| 350 | _a$16.50 | ||
| 650 | 0 |
_aBudget in business. _914231 |
|
| 906 |
_a7 _bcbc _corignew _d2 _encip _f19 _gy-gencatlg |
||
| 942 |
_2lcc _cBK |
||
| 999 |
_c9587 _d9587 |
||